|
|
|
|
| LEADER |
00000nkm a22000005a 4500 |
| 001 |
vtls010458756 |
| 003 |
SK-MaSNL |
| 005 |
20260301132853.0 |
| 007 |
kf co |
| 008 |
200701s2012 xo a 000 k slo |
| 015 |
|
|
|a SNBG2013
|
| 020 |
|
|
|a (brož.)
|
| 040 |
|
|
|a SNK
|b slo
|c SNK
|e AACR2
|
| 041 |
1 |
|
|a slo
|h eng
|
| 044 |
|
|
|a xo
|c SK
|
| 080 |
|
|
|a 087.5
|2 2001
|
| 080 |
|
|
|a 821-93
|2 2001
|
| 080 |
|
|
|a (084.053.2)
|2 2001
|
| 080 |
|
|
|a 636.1/.9
|2 2001
|
| 110 |
2 |
|
|a Brijbasi Art Press
|4 aut
|9 348180
|
| 240 |
1 |
0 |
|a Paint with water
|l Slovensky
|
| 245 |
1 |
0 |
|a Maľuj len vodou!
|p Zvieratká na farme
|h grafika
|c ilustrácie: Brijbasi Art Press Ltd., ilustrácie na obálke: Omar Aranda
|
| 246 |
3 |
0 |
|a Zvieratká na farme
|
| 250 |
|
|
|a 1. vyd.
|
| 260 |
|
|
|a Bratislava
|b Fragment
|c 2012
|
| 300 |
|
|
|a [16] obrazových listov
|b fareb.
|c 28 cm
|
| 521 |
|
|
|a Pre deti od 5 rokov
|
| 650 |
0 |
7 |
|a domáce zvieratá
|2 SNKPH
|9 1096
|
| 655 |
|
7 |
|a publikácie pre deti
|2 SNKPH
|9 70148
|
| 655 |
|
7 |
|a maľovanky
|2 SNKPH
|9 70662
|
| 700 |
1 |
|
|a Aranda, Omar
|4 ill
|9 332976
|
| 958 |
|
|
|a GBN
|
| 999 |
|
|
|c 752201
|d 754131
|
| 952 |
|
|
|a SNK
|b SNK
|y PREZ
|7 0
|p 17A1054029
|o snkOSB 16881
|i snk2012/20306
|8 0
|0 0
|1 0
|4 0
|d 2012-10-11
|l 0
|r 2026-02-23 23:36:38
|w 2026-02-23
|
| 952 |
|
|
|a SNK
|b SNK
|y PREZ
|7 0
|p 17A1054028
|o snkOSB 16881 D1
|i snk2012/20307
|8 0
|0 0
|1 0
|4 0
|d 2012-10-11
|l 0
|r 2026-02-23 23:36:38
|w 2026-02-23
|